[Event "Heusenstamm Schloss op"]
[Site "Heusenstamm"]
[Date "2023.11.25"]
[Round "4"]
[White "Kirchmann, Sascha"]
[Black "Schroeder, Juergen"]
[Result "1/2-1/2"]
[WhiteElo "1710"]
[BlackElo "2009"]
[PlyCount "49"]
[EventDate "2023.11.23"]
[EventType "swiss"]
[EventRounds "7"]
[EventCountry "GER"]
[SourceTitle "CB50_2023"]
[SourceDate "2023.12.13"]
[SourceVersion "1"]
[SourceVersionDate "2023.12.13"]
[SourceQuality "1"]

1. d4 g6 2. Bg5 Bg7 3. c3 d6 4. e3 Nd7 5. f4 Ngf6 6. Nf3 c6 7. Bd3 Qc7 8. Nbd2 0-0 9. 0-0 e5 10. Qc2 h6 11. Bh4 Nd5 12. Rae1 exf4 13. exf4 Nxf4 14. Be7 Nxd3 15. Qxd3 Kh7 16. Bxf8 Nxf8 17. Kh1 Be6 18. b3 Qa5 19. a4 b5 20. axb5 cxb5 21. Ra1 Qb6 22. b4 Nd7 23. Ra5 a6 24. Rfa1 Bd5 25. Nf1 1/2-1/2

[Event "Heusenstamm Sparkassen op-A 7th"]
[Site "Heusenstamm"]
[Date "2021.11.21"]
[Round "6.30"]
[White "Poschadel, Andreas Gregor"]
[Black "Schroeder, Juergen"]
[Result "1/2-1/2"]
[WhiteElo "1906"]
[BlackElo "2054"]
[PlyCount "79"]
[EventDate "2021.11.18"]
[EventType "swiss"]
[EventRounds "7"]
[EventCountry "GER"]
[SourceTitle "EXT 2023"]
[Source "ChessBase"]
[SourceDate "2022.10.05"]
[SourceVersion "1"]
[SourceVersionDate "2022.10.05"]
[SourceQuality "1"]

1. c4 g6 2. g3 Bg7 3. Bg2 d6 4. Nc3 c6 5. Nf3 Nd7 6. 0-0 Ngf6 7. d4 0-0 8. b3 e5 9. Qc2 exd4 10. Nxd4 Nc5 11. Bf4 Nh5 12. Be3 f5 13. f4 Re8 14. Bf2 Nf6 15. Nf3 Nfe4 16. Bd4 Be6 17. Bxg7 Kxg7 18. Nd4 Nf6 19. Rfe1 Qb6 20. Rad1 Rad8 21. h3 Bf7 22. e3 d5 23. cxd5 Nxd5 24. Qb2 Kg8 25. Nxd5 Bxd5 26. g4 fxg4 27. hxg4 Bxg2 28. Qxg2 Ne4 29. f5 Qc5 30. Qf3 Qe5 31. Ne6 Rd5 32. Rd4 Ng5 33. Nxg5 Rxd4 34. Qh3 Qe7 35. f6 Qxf6 36. Qxh7+ Kf8 37. Qh6+ Kg8 38. Qh7+ Kf8 39. Qh6+ Kg8 40. Qh7+ 1/2-1/2

[Event "Heusenstamm Sparkassen op-A 7th"]
[Site "Heusenstamm"]
[Date "2021.11.20"]
[Round "5.38"]
[White "Schroeder, Juergen"]
[Black "Mohr, Thomas"]
[Result "1-0"]
[WhiteElo "2054"]
[BlackElo "1887"]
[PlyCount "57"]
[EventDate "2021.11.18"]
[EventType "swiss"]
[EventRounds "7"]
[EventCountry "GER"]
[SourceTitle "EXT 2023"]
[Source "ChessBase"]
[SourceDate "2022.10.05"]
[SourceVersion "1"]
[SourceVersionDate "2022.10.05"]
[SourceQuality "1"]

1. e4 c5 2. Be2 d6 3. f4 Nc6 4. Nf3 g6 5. d3 Bg7 6. c3 e6 7. 0-0 Nge7 8. Be3 0-0 9. Na3 b6 10. d4 cxd4 11. Nxd4 Nxd4 12. Bxd4 e5 13. fxe5 dxe5 14. Be3 Nc6 15. Qa4 Bb7 16. Rad1 Qc8 17. Nb5 Qb8 18. Nd6 Nd8 19. Bc4 Bc6 20. Qb3 Qc7 21. Bg5 h6 22. Bh4 Rb8 23. a4 Ra8 24. h3 Rb8 25. Kh2 Ne6 26. Rxf7 Rxf7 27. Bxe6 Be8 28. Nxe8 Rxe8 29. Rd7 1-0

[Event "Heusenstamm Sparkassen op-A 7th"]
[Site "Heusenstamm"]
[Date "2021.11.18"]
[Round "1.55"]
[White "Schroeder, Juergen"]
[Black "Faber, Lutz"]
[Result "1/2-1/2"]
[WhiteElo "2054"]
[BlackElo "1824"]
[PlyCount "106"]
[EventDate "2021.11.18"]
[EventType "swiss"]
[EventRounds "7"]
[EventCountry "GER"]
[SourceTitle "EXT 2023"]
[Source "ChessBase"]
[SourceDate "2022.10.05"]
[SourceVersion "1"]
[SourceVersionDate "2022.10.05"]
[SourceQuality "1"]

1. e4 g6 2. d4 d6 3. Nf3 Bg7 4. Nc3 Nc6 5. Be3 e5 6. h3 exd4 7. Nxd4 Nge7 8. Bc4 0-0 9. 0-0 Nxd4 10. Bxd4 Bxd4 11. Qxd4 Be6 12. Bb3 Nc6 13. Qd2 Na5 14. f4 Nxb3 15. axb3 f5 16. Qe3 a6 17. exf5 Bxf5 18. Nd5 Rf7 19. c3 Qf8 20. Rae1 Bc2 21. c4 Qg7 22. Rf2 Bf5 23. g4 Bd7 24. Nxc7 Rc8 25. Nd5 Re8 26. Qc3 Rxe1+ 27. Qxe1 Qd4 28. Qe3 Qd1+ 29. Kh2 Bc6 30. Qd2 Qxb3 31. Qd4 Bxd5 32. cxd5 Re7 33. Qf6 Qe3 34. Rc2 Re8 35. Qxd6 Qd3 36. Qc5 Re2+ 37. Rxe2 Qxe2+ 38. Kg3 Qe1+ 39. Kg2 Qe4+ 40. Kg3 Qe1+ 41. Qf2 Qd1 42. Qg2 Qe1+ 43. Kf3 Kf7 44. g5 Qd1+ 45. Ke4 Qa4+ 46. Ke5 Qe8+ 47. Kd4 Qa4+ 48. Ke3 Qb3+ 49. Ke4 Qb4+ 50. Kf3 Qb3+ 51. Kg4 Qd1+ 52. Kg3 Qe1+ 53. Kh2 Qe3 1/2-1/2

[Event "Heusenstamm Sparkassen op-A 6th"]
[Site "Heusenstamm"]
[Date "2019.11.23"]
[Round "4"]
[White "Rolle, Eric"]
[Black "Schroeder, Juergen"]
[Result "1/2-1/2"]
[WhiteElo "2206"]
[BlackElo "2041"]
[PlyCount "134"]
[EventDate "2019.11.21"]
[EventType "swiss"]
[EventRounds "7"]
[EventCountry "GER"]
[SourceTitle "CBM 194 Extra"]
[Source "ChessBase"]
[SourceDate "2020.03.31"]
[SourceVersion "1"]
[SourceVersionDate "2020.03.31"]
[SourceQuality "1"]

1. e4 g6 2. Nc3 Bg7 3. g3 d6 4. Bg2 Nf6 5. Nge2 c6 6. a4 Nbd7 7. d4 e5 8. 0-0 0-0 9. h3 Qc7 10. f4 Ne8 11. dxe5 dxe5 12. f5 b6 13. b3 f6 14. Ba3 Rf7 15. Qd2 Bf8 16. b4 Bb7 17. Nd1 a5 18. c4 axb4 19. Bxb4 Bxb4 20. Qxb4 Qd6 21. Qxd6 Nxd6 22. Ne3 Ba6 23. Rfd1 Nxc4 24. Nxc4 Bxc4 25. Nc3 Nc5 26. Rd6 Nb3 27. Rb1 Nd4 28. Rxb6 Bb3 29. Bf1 Kg7 30. fxg6 hxg6 31. Ba6 Raa7 32. Kf2 Rfd7 33. Rxd7+ Rxd7 34. Bb7 Ne6 35. Bxc6 Rd2+ 36. Ke3 Rb2 37. Bd5 Nd4 38. Rb7+ Kf8 39. a5 Rc2 40. Kd3 Bxd5 41. Nxd5 Ra2 42. Nxf6 Nc6 43. Rc7 Nxa5 44. Nd7+ Ke7 45. Ra7 Ke6 46. Nc5+ Kf6 47. Kc3 Ra3+ 48. Kc2 Nc4 49. Rxa3 Nxa3+ 50. Kb3 Nb5 51. Kc4 Nd4 52. Kd5 Ne2 53. Nd7+ Kg5 54. h4+ Kg4 55. Nxe5+ Kh5 56. Nxg6 Kxg6 57. g4 Nf4+ 58. Kd6 Ng2 59. h5+ Kg5 60. e5 Ne3 61. e6 Nxg4 62. e7 Nf6 63. Ke6 Ne8 64. Kf7 Nc7 65. Kg7 Kxh5 66. Kf7 Kg5 67. e8B Nxe8 1/2-1/2

[Event "Heusenstamm Sparkassen op-A 6th"]
[Site "Heusenstamm"]
[Date "2019.11.21"]
[Round "1"]
[White "Schroeder, Juergen"]
[Black "Hoppstaedter, Daniel"]
[Result "1-0"]
[WhiteElo "2041"]
[BlackElo "1757"]
[PlyCount "99"]
[EventDate "2019.11.21"]
[EventType "swiss"]
[EventRounds "7"]
[EventCountry "GER"]
[SourceTitle "CBM 194 Extra"]
[Source "ChessBase"]
[SourceDate "2020.03.31"]
[SourceVersion "1"]
[SourceVersionDate "2020.03.31"]
[SourceQuality "1"]

1. e4 c5 2. Be2 Nc6 3. d3 g6 4. f4 Bg7 5. Nf3 e6 6. 0-0 Nge7 7. c3 0-0 8. Na3 b6 9. Nb5 d6 10. d4 cxd4 11. Nbxd4 Nxd4 12. Nxd4 Bb7 13. f5 exf5 14. exf5 Bxd4+ 15. Qxd4 Nxf5 16. Rxf5 gxf5 17. Bh6 f6 18. Bxf8 Qxf8 19. Bd3 Re8 20. Bxf5 Re5 21. Rf1 Qg7 22. g3 Qc7 23. Bd3 Qc6 24. Qc4+ Qxc4 25. Bxc4+ Kg7 26. Rd1 d5 27. Bd3 f5 28. Kf2 Kf6 29. Be2 Bc6 30. Bf3 Ke6 31. Rd4 Kd6 32. Rh4 Re7 33. Rh6+ Kc7 34. Rf6 Bd7 35. Bxd5 Re5 36. c4 Be8 37. Be6 Bg6 38. Bf7 Re4 39. b3 Rd4 40. Ke3 Re4+ 41. Kf3 Rd4 42. Bxg6 hxg6 43. Rxg6 Rd2 44. h4 Rxa2 45. Re6 Rb2 46. Re3 Kd6 47. Kf4 Rf2+ 48. Rf3 Rxf3+ 49. Kxf3 Ke5 50. Ke3 1-0

[Event "Rhein Main op-A 22nd"]
[Site "Bad Homburg"]
[Date "2019.06.22"]
[Round "5"]
[White "Schroeder, Juergen"]
[Black "Kulenovic, Adnan"]
[Result "1/2-1/2"]
[WhiteElo "2072"]
[BlackElo "1926"]
[PlyCount "111"]
[EventDate "2019.06.19"]
[EventType "swiss"]
[EventRounds "9"]
[EventCountry "GER"]
[SourceTitle "EXT 2020"]
[Source "ChessBase"]
[SourceDate "2019.10.17"]
[SourceVersion "1"]
[SourceVersionDate "2019.10.17"]
[SourceQuality "1"]

1. Nf3 Nf6 2. g3 b6 3. Bg2 Bb7 4. d3 d6 5. e4 g6 6. Nbd2 Bg7 7. c3 0-0 8. 0-0 c5 9. a4 Nc6 10. Nc4 d5 11. exd5 Nxd5 12. Re1 Re8 13. Nfe5 Nxe5 14. Nxe5 f6 15. Ng4 Qd7 16. d4 cxd4 17. cxd4 h5 18. Ne3 Nxe3 19. Bxe3 Bxg2 20. Kxg2 Rad8 21. a5 Qd5+ 22. Qf3 bxa5 23. Rec1 f5 24. Qxd5+ Rxd5 25. Rc5 Rd7 26. Rcxa5 Bxd4 27. Bxd4 Rxd4 28. Rxa7 Rb4 29. Ra8 Rxa8 30. Rxa8+ Kf7 31. Ra2 g5 32. Kf3 Rb3+ 33. Ke2 g4 34. Kf1 Kf6 35. Kg2 e5 36. Ra6+ Kg5 37. Ra5 e4 38. Ra2 h4 39. h3 hxg3 40. fxg3 gxh3+ 41. Kxh3 f4 42. Ra5+ Kf6 43. Ra3 e3 44. Rxb3 e2 45. Rf3 e1Q 46. Rxf4+ Ke5 47. Kg2 Qd2+ 48. Kg1 Qxb2 49. Kh1 Qe2 50. Kg1 Qh5 51. Kg2 Qh6 52. Rh4 Qd2+ 53. Kf1 Kf5 54. Rf4+ Kg5 55. Kg1 Qb2 56. Kh1 1/2-1/2

[Event "Rhein Main op-A 22nd"]
[Site "Bad Homburg"]
[Date "2019.06.20"]
[Round "2"]
[White "Franz, Attila"]
[Black "Schroeder, Juergen"]
[Result "1/2-1/2"]
[WhiteElo "1818"]
[BlackElo "2072"]
[PlyCount "68"]
[EventDate "2019.06.19"]
[EventType "swiss"]
[EventRounds "9"]
[EventCountry "GER"]
[SourceTitle "EXT 2020"]
[Source "ChessBase"]
[SourceDate "2019.10.17"]
[SourceVersion "1"]
[SourceVersionDate "2019.10.17"]
[SourceQuality "1"]

1. Nf3 g6 2. d4 Bg7 3. e4 d6 4. Bd3 Nd7 5. 0-0 e5 6. c3 Ngf6 7. Bg5 h6 8. Bh4 0-0 9. Qc2 c6 10. Nbd2 Qc7 11. Rad1 Re8 12. Rfe1 Nf8 13. h3 g5 14. Bg3 Nh5 15. Nf1 Ng6 16. Ne3 Nhf4 17. dxe5 dxe5 18. Bc4 Be6 19. Bxe6 fxe6 20. Rd2 Rad8 21. Red1 Bf6 22. Ng4 Kg7 23. Nxf6 Kxf6 24. Ne1 Ke7 25. f3 Rxd2 26. Rxd2 Rd8 27. Bf2 b6 28. Be3 Rxd2 29. Qxd2 Qd6 30. Qc2 Nf8 31. Kf2 Nd7 32. b4 Kf6 33. g3 Ng6 34. Qd3 Qxd3 1/2-1/2

[Event "Rhein Main op-A 22nd"]
[Site "Bad Homburg"]
[Date "2019.06.19"]
[Round "1"]
[White "Schroeder, Juergen"]
[Black "Stork, Christopher"]
[Result "1/2-1/2"]
[WhiteElo "2072"]
[BlackElo "1817"]
[PlyCount "80"]
[EventDate "2019.06.19"]
[EventType "swiss"]
[EventRounds "9"]
[EventCountry "GER"]
[SourceTitle "EXT 2020"]
[Source "ChessBase"]
[SourceDate "2019.10.17"]
[SourceVersion "1"]
[SourceVersionDate "2019.10.17"]
[SourceQuality "1"]

1. e4 c5 2. Be2 Nc6 3. f4 e6 4. Nf3 d5 5. d3 dxe4 6. dxe4 Qxd1+ 7. Bxd1 b6 8. 0-0 Nf6 9. Nc3 Be7 10. e5 Nd5 11. Ne4 0-0 12. c4 Nc7 13. Be3 Rd8 14. a3 Bb7 15. Bc2 Nd4 16. Bxd4 cxd4 17. Rad1 Rac8 18. Rd2 Na6 19. Bd3 Nc5 20. Nxc5 bxc5 21. Rdf2 Rc7 22. Nd2 Rb8 23. b3 Bc6 24. Bc2 a5 25. a4 f6 26. exf6 Bxf6 27. Nf3 Bxf3 28. Rxf3 Re7 29. Be4 e5 30. f5 Bg5 31. Rb1 Rb6 32. Kf2 Be3+ 33. Ke2 Rh6 34. h3 Rh4 35. Bd5+ Kh8 36. f6 gxf6 37. Rxf6 Rf4 38. Rxf4 Bxf4 39. Kd3 Rg7 40. Bf3 Rd7 1/2-1/2

[Event "Heusenstamm Sparkassen op-A 4th"]
[Site "Heusenstamm"]
[Date "2017.11.26"]
[Round "7"]
[White "Prill, Gerhard"]
[Black "Schroeder, Juergen"]
[Result "1/2-1/2"]
[WhiteElo "1960"]
[BlackElo "2116"]
[PlyCount "41"]
[EventDate "2017.11.23"]
[EventType "swiss"]
[EventRounds "7"]
[EventCountry "GER"]
[SourceTitle "EXT 2019"]
[Source "ChessBase"]
[SourceDate "2018.10.10"]
[SourceVersion "1"]
[SourceVersionDate "2018.10.10"]
[SourceQuality "1"]

1. e4 g6 2. d4 Bg7 3. Nf3 d6 4. c3 Nd7 5. Bd3 e5 6. dxe5 Nxe5 7. Nxe5 dxe5 8. 0-0 Nf6 9. Re1 0-0 10. Qc2 Be6 11. Nd2 Qe7 12. Nc4 Nd7 13. b3 Rfd8 14. Ba3 Qg5 15. Bc1 Qh4 16. g3 Qf6 17. Be3 Bf8 18. h4 h6 19. b4 Kh7 20. Rad1 Bg4 21. Rd2 1/2-1/2

[Event "Heusenstamm Sparkassen op-A 4th"]
[Site "Heusenstamm"]
[Date "2017.11.25"]
[Round "5"]
[White "Gentner, Markus"]
[Black "Schroeder, Juergen"]
[Result "0-1"]
[WhiteElo "1978"]
[BlackElo "2116"]
[PlyCount "74"]
[EventDate "2017.11.23"]
[EventType "swiss"]
[EventRounds "7"]
[EventCountry "GER"]
[SourceTitle "EXT 2019"]
[Source "ChessBase"]
[SourceDate "2018.10.10"]
[SourceVersion "1"]
[SourceVersionDate "2018.10.10"]
[SourceQuality "1"]

1. Nf3 g6 2. c4 Bg7 3. Nc3 d6 4. d4 c6 5. e4 Nd7 6. Be2 e5 7. Be3 Ngf6 8. 0-0 0-0 9. Ne1 Re8 10. d5 cxd5 11. cxd5 Nc5 12. f3 a5 13. Nb5 b6 14. Nd3 Ba6 15. Nxc5 dxc5 16. g4 Re7 17. Qd2 Ne8 18. a4 Bxb5 19. Bxb5 Nd6 20. Bg5 f6 21. Bc6 fxg5 22. Bxa8 Qxa8 23. Qe2 Rf7 24. Rfc1 Bf8 25. b3 Ra7 26. Rc2 Qe8 27. Rca2 Qf7 28. Kg2 Qf4 29. Rc2 Rf7 30. Rc3 Kh8 31. Ra2 h5 32. Re3 c4 33. bxc4 Ne8 34. Rd3 Bc5 35. Qd2 hxg4 36. Qxf4 Rxf4 37. fxg4 Rxe4 0-1

[Event "Heusenstamm Sparkassen op-A 3rd"]
[Site "Heusenstamm"]
[Date "2016.11.27"]
[Round "6"]
[White "Prill, Gerhard"]
[Black "Schroeder, Juergen"]
[Result "1/2-1/2"]
[WhiteElo "2018"]
[BlackElo "2108"]
[PlyCount "56"]
[EventDate "2016.11.24"]
[EventType "swiss"]
[EventRounds "7"]
[EventCountry "GER"]
[SourceTitle "EXT 2018"]
[Source "ChessBase"]
[SourceDate "2017.10.13"]
[SourceVersion "1"]
[SourceVersionDate "2017.10.13"]
[SourceQuality "1"]

1. e4 g6 2. d4 Bg7 3. Nf3 d6 4. c3 Nf6 5. Bd3 0-0 6. 0-0 e5 7. dxe5 dxe5 8. Re1 Qe7 9. Qc2 b6 10. Nbd2 Bb7 11. a4 a5 12. b3 Nbd7 13. Ba3 c5 14. Rad1 Nh5 15. Bb5 Ba6 16. Bxa6 Rxa6 17. Nc4 Ra7 18. Bc1 Rb8 19. Nd6 Nhf6 20. Ng5 Rf8 21. Ngxf7 Rc7 22. Nh6+ Kh8 23. Qe2 Rc6 24. Nc4 Nh5 25. Ng4 Nf4 26. Bxf4 exf4 27. f3 Bxc3 28. Rf1 h5 1/2-1/2

[Event "Heusenstamm Sparkassen op-A 3rd"]
[Site "Heusenstamm"]
[Date "2016.11.27"]
[Round "3"]
[White "Schroeder, Juergen"]
[Black "Junker, Christian"]
[Result "1/2-1/2"]
[WhiteElo "2108"]
[BlackElo "1954"]
[PlyCount "29"]
[EventDate "2016.11.24"]
[EventType "swiss"]
[EventRounds "7"]
[EventCountry "GER"]
[SourceTitle "EXT 2018"]
[Source "ChessBase"]
[SourceDate "2017.10.13"]
[SourceVersion "1"]
[SourceVersionDate "2017.10.13"]
[SourceQuality "1"]

1. e4 e5 2. Bc4 Nf6 3. d3 Nc6 4. Nc3 d6 5. f4 exf4 6. Bxf4 Bg4 7. Nf3 Be7 8. h3 Bh5 9. Qd2 Bxf3 10. gxf3 Nh5 11. Be3 Bh4+ 12. Bf2 Bg5 13. Be3 Bh4+ 14. Bf2 Bg5 15. Be3 1/2-1/2

[Event "Heusenstamm Sparkassen op-A 3rd"]
[Site "Heusenstamm"]
[Date "2016.11.27"]
[Round "7"]
[White "Schroeder, Juergen"]
[Black "Stork, Oliver"]
[Result "1-0"]
[WhiteElo "2108"]
[BlackElo "2017"]
[PlyCount "105"]
[EventDate "2016.11.24"]
[EventType "swiss"]
[EventRounds "7"]
[EventCountry "GER"]
[SourceTitle "EXT 2018"]
[Source "ChessBase"]
[SourceDate "2017.10.13"]
[SourceVersion "1"]
[SourceVersionDate "2017.10.13"]
[SourceQuality "1"]

1. e4 c6 2. d3 d5 3. Nd2 e5 4. Ngf3 Nd7 5. g3 Ngf6 6. Bg2 Bd6 7. 0-0 0-0 8. d4 dxe4 9. Nxe5 Nxe5 10. dxe5 Bxe5 11. Nxe4 Bf5 12. Nxf6+ Bxf6 13. c3 Qb6 14. Qb3 Be6 15. Qc2 Rfd8 16. Be3 Qb5 17. Rfe1 g6 18. a4 Qc4 19. a5 Bd5 20. Ra4 Qb3 21. Qxb3 Bxb3 22. Rb4 Bd5 23. Rxb7 a6 24. Bb6 Rdb8 25. Rxb8+ Rxb8 26. Bxd5 cxd5 27. Rd1 Bd8 28. Rxd5 Bxb6 29. axb6 Rxb6 30. b4 Rc6 31. Rd3 h5 32. h4 Kg7 33. Kf1 a5 34. bxa5 Ra6 35. Rd5 Rc6 36. Rd4 Rxc3 37. Ra4 Rc7 38. a6 Ra7 39. Ke2 Kf6 40. Kd3 Ke5 41. Kc4 Ke4 42. Kb5+ Kf3 43. Rf4+ Kg2 44. Kb6 Re7 45. Rf6 Re2 46. a7 Rb2+ 47. Kc7 Ra2 48. Kb7 Rb2+ 49. Rb6 Ra2 50. Ra6 Rxa6 51. Kxa6 Kxf2 52. a8Q Kxg3 53. Qd8 1-0

[Event "Heusenstamm Sparkassen op-A 3rd"]
[Site "Heusenstamm"]
[Date "2016.11.25"]
[Round "2"]
[White "Sadzikowski, Daniel"]
[Black "Schroeder, Juergen"]
[Result "1-0"]
[WhiteElo "2538"]
[BlackElo "2108"]
[PlyCount "41"]
[EventDate "2016.11.24"]
[EventType "swiss"]
[EventRounds "7"]
[EventCountry "GER"]
[SourceTitle "CBM 175 Extra"]
[Source "ChessBase"]
[SourceDate "2016.12.12"]
[SourceVersion "1"]
[SourceVersionDate "2016.12.12"]
[SourceQuality "1"]

1. e4 g6 2. d4 Bg7 3. Nc3 d6 4. f4 Nf6 5. Bd3 0-0 6. Nf3 Na6 7. 0-0 c5 8. d5 Nc7 9. a4 b6 10. Bc4 e6 11. dxe6 Bxe6 12. Bxe6 fxe6 13. e5 Nfd5 14. Ne4 Nxf4 15. exd6 Ncd5 16. g3 Nh5 17. c4 Ndf6 18. Neg5 Re8 19. Ne5 Ne4 20. Nef7 Bd4+ 21. Kg2 1-0

[Event "Rhein Main op-A 19th"]
[Site "Bad Homburg"]
[Date "2016.05.28"]
[Round "6"]
[White "Karsay, Pascal"]
[Black "Schroeder, Juergen"]
[Result "0-1"]
[WhiteElo "2059"]
[BlackElo "2074"]
[PlyCount "32"]
[EventDate "2016.05.25"]
[EventType "swiss"]
[EventRounds "7"]
[EventCountry "GER"]
[SourceTitle "EXT 2017"]
[Source "ChessBase"]
[SourceDate "2016.10.25"]
[SourceVersion "1"]
[SourceVersionDate "2016.10.25"]
[SourceQuality "1"]

1. e4 g6 2. d4 Bg7 3. Nc3 d6 4. Nge2 c6 5. g3 Nd7 6. Bg2 e5 7. Be3 Ngf6 8. h3 0-0 9. Qd2 Re8 10. 0-0 Qe7 11. Rad1 Nb6 12. b3 d5 13. Bg5 dxe4 14. Nxe4 Nxe4 15. Bxe4 f6 16. Be3 exd4 0-1

[Event "Rhein Main op-A 19th"]
[Site "Bad Homburg"]
[Date "2016.05.28"]
[Round "5"]
[White "Schroeder, Juergen"]
[Black "Engel, Berthold"]
[Result "1-0"]
[WhiteElo "2074"]
[BlackElo "2162"]
[PlyCount "39"]
[EventDate "2016.05.25"]
[EventType "swiss"]
[EventRounds "7"]
[EventCountry "GER"]
[SourceTitle "EXT 2017"]
[Source "ChessBase"]
[SourceDate "2016.10.25"]
[SourceVersion "1"]
[SourceVersionDate "2016.10.25"]
[SourceQuality "1"]

1. e4 e6 2. d3 c5 3. Nf3 Nc6 4. g3 g6 5. Bg2 Bg7 6. 0-0 Nge7 7. Nbd2 0-0 8. Re1 d6 9. a4 Qc7 10. Nc4 b6 11. c3 Bb7 12. Bf4 Ne5 13. Qd2 Rad8 14. Rad1 N7c6 15. Ne3 Na5 16. Nf1 Rd7 17. Bh6 Nxd3 18. Bxg7 Nxe1 19. Bf6 Nxf3+ 20. Bxf3 1-0

[Event "Rhein Main op-A 19th"]
[Site "Bad Homburg"]
[Date "2016.05.26"]
[Round "3"]
[White "Cunningham, Robin J"]
[Black "Schroeder, Juergen"]
[Result "1/2-1/2"]
[WhiteElo "2233"]
[BlackElo "2074"]
[PlyCount "93"]
[EventDate "2016.05.25"]
[EventType "swiss"]
[EventRounds "7"]
[EventCountry "GER"]
[SourceTitle "EXT 2017"]
[Source "ChessBase"]
[SourceDate "2016.10.25"]
[SourceVersion "1"]
[SourceVersionDate "2016.10.25"]
[SourceQuality "1"]

1. e4 g6 2. d4 Bg7 3. Nc3 d6 4. Nge2 a6 5. a4 Nd7 6. g3 b6 7. Bg2 Bb7 8. Be3 e6 9. Qd2 Ne7 10. Bh6 Bxh6 11. Qxh6 Ng8 12. Qe3 Qe7 13. 0-0 Ngf6 14. h3 0-0-0 15. Nf4 Nh5 16. Nd3 h6 17. e5 Bxg2 18. Kxg2 d5 19. b4 Ng7 20. Ne2 Nf5 21. Qc1 f6 22. c4 fxe5 23. dxe5 Qg5 24. Qxg5 hxg5 25. cxd5 exd5 26. Rfe1 Rhe8 27. Ng1 Nf8 28. Nf3 Ne6 29. Rac1 Kb7 30. a5 Re7 31. Red1 Red7 32. axb6 cxb6 33. g4 Nfg7 34. h4 gxh4 35. Nxh4 Nf8 36. f4 Nge6 37. f5 gxf5 38. gxf5 Ng5 39. Nf4 Re8 40. e6 Nfxe6 41. fxe6 Nxe6 42. Nxe6 Rxe6 43. Nf3 Re2+ 44. Kf1 Re4 45. Rb1 Rf7 46. Rb3 Rff4 47. Rxd5 1/2-1/2

[Event "Heusenstamm Sparkassen op-A 2nd"]
[Site "Heusenstamm"]
[Date "2015.11.29"]
[Round "6"]
[White "Mehringer, Joerg"]
[Black "Schroeder, Juergen"]
[Result "0-1"]
[WhiteElo "1976"]
[BlackElo "2071"]
[PlyCount "43"]
[EventDate "2015.11.26"]
[EventType "swiss"]
[EventRounds "7"]
[EventCountry "GER"]
[SourceTitle "EXT 2018"]
[Source "ChessBase"]
[SourceDate "2017.10.13"]
[SourceVersion "1"]
[SourceVersionDate "2017.10.13"]
[SourceQuality "1"]

1. e4 g6 2. g3 Bg7 3. Bg2 d6 4. Ne2 c6 5. 0-0 Nd7 6. d4 e5 7. c3 Ngf6 8. h3 0-0 9. Be3 d5 10. dxe5 Nxe5 11. exd5 Nxd5 12. Bd4 Be6 13. f4 Nc4 14. Bxg7 Nce3 15. Qd4 Nf5 16. Qe5 Nxg7 17. Nd4 Qb6 18. Nd2 f6 19. Qe2 Rfe8 20. Nc4 Qc5 21. b4 Nxb4 22. cxb4 0-1

[Event "Heusenstamm Sparkassen op-A 2nd"]
[Site "Heusenstamm"]
[Date "2015.11.27"]
[Round "2"]
[White "Zubarev, Alexander2222"]
[Black "Schroeder, Juergen"]
[Result "1-0"]
[WhiteElo "2540"]
[BlackElo "2071"]
[PlyCount "55"]
[EventDate "2015.11.26"]
[EventType "swiss"]
[EventRounds "7"]
[EventCountry "GER"]
[SourceTitle "CBM 169 Extra"]
[Source "ChessBase"]
[SourceDate "2015.12.18"]
[SourceVersion "1"]
[SourceVersionDate "2015.12.18"]
[SourceQuality "1"]

1. d4 g6 2. g3 Bg7 3. Bg2 d6 4. e4 c6 5. Ne2 Nd7 6. 0-0 Ngf6 7. Nbc3 0-0 8. h3 e5 9. a4 a5 10. Be3 Re8 11. f4 Nf8 12. Qd2 Qe7 13. dxe5 dxe5 14. f5 Rd8 15. Qe1 gxf5 16. exf5 Nd5 17. Nxd5 cxd5 18. Bb6 Re8 19. Nc3 Nd7 20. Nxd5 Qd6 21. Be3 Nf6 22. Rd1 Nxd5 23. Bxd5 Qc7 24. g4 Qxc2 25. Rd2 Qxa4 26. Qh4 Ra6 27. f6 Bh8 28. Bh6 1-0

[Event "Hofheim Spring op-A 3rd"]
[Site "Hofheim"]
[Date "2015.04.10"]
[Round "6"]
[White "Nichols, Marc"]
[Black "Schroeder, Juergen"]
[Result "1/2-1/2"]
[WhiteElo "2163"]
[BlackElo "2066"]
[PlyCount "114"]
[EventDate "2015.04.07"]
[EventType "swiss"]
[EventRounds "9"]
[EventCountry "GER"]
[SourceTitle "CBM 166 Extra"]
[Source "ChessBase"]
[SourceDate "2015.06.18"]
[SourceVersion "1"]
[SourceVersionDate "2015.06.18"]
[SourceQuality "1"]

1. e4 g6 2. d4 Bg7 3. Nc3 d6 4. Be3 Nd7 5. h4 h5 6. Qd2 e5 7. 0-0-0 Bh6 8. Bxh6 Nxh6 9. Nf3 Ng4 10. Kb1 exd4 11. Nxd4 Nb6 12. f3 Ne5 13. Qf4 Be6 14. Nxe6 fxe6 15. Qg3 Qf6 16. f4 Nc6 17. Bb5 0-0-0 18. Bxc6 bxc6 19. Rhf1 Rhf8 20. Rf3 Nc4 21. Qg5 Rf7 22. Qxf6 Rxf6 23. b3 Nb6 24. a4 Nd7 25. b4 Rdf8 26. Rdf1 e5 27. f5 gxf5 28. Rxf5 d5 29. R5f3 Rxf3 30. Rxf3 Rxf3 31. gxf3 Nf6 32. Kc1 Kd7 33. Kd2 a6 34. Kd3 Kd6 35. Ne2 c5 36. c3 cxb4 37. cxb4 c5 38. bxc5+ Kxc5 39. exd5 Kxd5 40. Ng3 Ke6 41. Kc4 Nd5 42. Nxh5 Ne3+ 43. Kc5 Nf5 44. Kb6 Nxh4 45. f4 exf4 46. Nxf4+ Kd6 47. Nd3 Nf3 48. Nc5 Nd2 49. Nxa6 Nc4+ 50. Kb5 Na3+ 51. Kb4 Nc2+ 52. Kc3 Ne3 53. Kd4 Nf5+ 54. Kc4 Kc6 55. a5 Ne3+ 56. Kb4 Nd5+ 57. Ka4 Nc3+ 1/2-1/2

[Event "Hofheim Spring op-A 3rd"]
[Site "Hofheim"]
[Date "2015.04.09"]
[Round "4"]
[White "Schroeder, Juergen"]
[Black "Cordes, Hans Joerg"]
[Result "0-1"]
[WhiteElo "2066"]
[BlackElo "2259"]
[PlyCount "52"]
[EventDate "2015.04.07"]
[EventType "swiss"]
[EventRounds "9"]
[EventCountry "GER"]
[SourceTitle "CBM 166 Extra"]
[Source "ChessBase"]
[SourceDate "2015.06.18"]
[SourceVersion "1"]
[SourceVersionDate "2015.06.18"]
[SourceQuality "1"]

1. e4 e6 2. d3 c5 3. Nf3 Nc6 4. g3 g6 5. Bg2 Bg7 6. 0-0 Nge7 7. Re1 d6 8. Nbd2 h6 9. a4 0-0 10. Nc4 e5 11. c3 Be6 12. Nfd2 Qd7 13. Ne3 f5 14. Nd5 f4 15. Nc4 g5 16. Bf3 g4 17. Bh1 f3 18. h3 h5 19. Nce3 Rf7 20. Qb3 Raf8 21. hxg4 hxg4 22. Nxe7+ Nxe7 23. Nd5 Nxd5 24. exd5 Bf5 25. Qc4 Bf6 26. Bh6 Rh7 0-1